| Tag |
First Indicator |
Second Indicator |
Subfields |
| LEADER |
00000cas a2200000 a 4500 |
| 001 |
in00000092008 |
| 005 |
20180626115202.0 |
| 008 |
781013d19681970mbcar 0uuua0engmd |
| 022 |
|
|
|a 0069-584X
|
| 035 |
|
|
|a (OCoLC)04290627
|
| 035 |
|
|
|9 AAK3562AM
|
| 040 |
|
|
|a MUL
|c MUL
|d TXA
|d UtOrBLW
|
| 043 |
|
|
|a n-cn---
|
| 049 |
|
|
|a TXAE
|
| 090 |
|
|
|a HE215.A1
|b P76
|
| 245 |
0 |
0 |
|a Proceedings of the colloquium series on transportation.
|
| 264 |
|
1 |
|a Winnipeg, Man. :
|b Centre for Transportation Studies, University of Manitoba,
|c [1968]-1970.
|
| 300 |
|
|
|a 3 volumes :
|b illustrations ;
|c 28 cm.
|
| 310 |
|
|
|a Annual
|
| 336 |
|
|
|a text
|b txt
|2 rdacontent
|
| 337 |
|
|
|a unmediated
|b n
|2 rdamedia
|
| 338 |
|
|
|a volume
|b nc
|2 rdacarrier
|
| 362 |
0 |
|
|a Vol. 1 (1967-1968)-v. 3 (1969-1970).
|
| 500 |
|
|
|a Description based on: Volume 2 (1968-1969).
|
| 650 |
|
0 |
|a Transportation
|v Periodicals.
|
| 650 |
|
0 |
|a Transportation
|z Canada
|v Periodicals.
|
| 710 |
2 |
|
|a University of Manitoba.
|b Centre for Transportation Studies.
|
| 785 |
0 |
0 |
|t Proceedings of the seminar series on transportation
|x 0076-3993
|
| 999 |
|
|
|a MARS
|
| 999 |
f |
f |
|s 25210838-5c56-3b24-9c3b-fe20632bb29b
|i 472ba1fc-b1a2-39fa-9fea-65286d1a8aca
|t 0
|
| 952 |
f |
f |
|p ric
|a Texas A&M University
|b Rellis Campus
|c Joint Library Facility
|d Remote Storage
|t 0
|e HE215.A1 P76
|h Library of Congress classification
|i unmediated -- volume
|k v.1
|l 1967/1968
|m A14819791356
|
| 952 |
f |
f |
|p ric
|a Texas A&M University
|b Rellis Campus
|c Joint Library Facility
|d Remote Storage
|t 0
|e HE215.A1 P76
|h Library of Congress classification
|i unmediated -- volume
|k v.3
|l 1969/1970
|m A14819791453
|
| 952 |
f |
f |
|p ric
|a Texas A&M University
|b Rellis Campus
|c Joint Library Facility
|d Remote Storage
|t 0
|e HE215.A1 P76
|h Library of Congress classification
|i unmediated -- volume
|k v.2
|l 1968/1969
|m A14819791403
|
| 998 |
f |
f |
|a HE215.A1 P76
|s v.1 (1967/1968)-v.3 (1969/1970)
|t 0
|l Remote Storage
|